Super Practice Sets for SSC CGL & CHSL Mains/ (Record no. 215049)

MARC details
000 -LEADER
fixed length control field 00589nam a22001817a 4500
005 - DATE AND TIME OF LATEST TRANSACTION
control field 20260301123324.0
010 ## - LCCN (DPL NO)
LC control number BACEN26
020 ## - INTERNATIONAL STANDARD BOOK NUMBER
International Standard Book Number 9789373594866
Terms of availability 525.00
037 ## - SOURCE OF ACQUISITION
Source of stock number/acquisition S. Chand
082 ## - DEWEY DECIMAL CLASSIFICATION NUMBER
Classification number 000
100 ## - MAIN ENTRY--PERSONAL NAME
Personal name Saini, Abhas
245 ## - TITLE STATEMENT
Title Super Practice Sets for SSC CGL & CHSL Mains/
Statement of responsibility, etc Abhas Saini
260 ## - PUBLICATION, DISTRIBUTION, ETC. (IMPRINT)
Place of publication, distribution, etc Delhi
Name of publisher, distributor, etc S. Chand And Company Limited
Date of publication, distribution, etc 2025
270 ## - ADDRESS
Address A-27, 2nd Floor, Mohan Co-operative Industrial Estate
City Delhi
Postal code 110044
300 ## - PHYSICAL DESCRIPTION
Extent 223p.
Dimensions 26cm(pb)
500 ## - GENERAL NOTE
General note Maths & Reasoning 50 Set (Section 1)<br/>
942 ## - ADDED ENTRY ELEMENTS (KOHA)
Source of classification or shelving scheme Dewey Decimal Classification
Item type English Books
Classification part 000
Call number suffix SAI

No items available.


© Delhi Public Library
Hit Counter
free hit counter